000 00542nmm a2200181Ia 4500
008 251105s9999||||xx |||||||||||||||||und||
041 _aspa
100 _aTurrent, Lourdes
245 0 _aLa conquista musical de México
264 _a[México D.C., Mexico] :
_bFondo de Cultura Económica,
_c2016
300 _a210 páginas
490 _aHistoria
650 _aHistory of the Americas: Latin America
700 _aTurrent, Lourdes
700 1 _a Lira, Andrés
856 _uhttps://public.digitaliapublishing.com/a/64564
942 _cCF
999 _c72111
_d72111